| 000 | 00600nam a22001817a 4500 | ||
|---|---|---|---|
| 999 |
_c62533 _d62533 |
||
| 005 | 20241202112036.0 | ||
| 008 | 241202s2015 enk||||| |||| 00| 0 eng d | ||
| 020 | _a9780743234801x | ||
| 041 | _aeng | ||
| 080 | _a159.923.2 + 27 P-36 | ||
| 100 |
_aPeale, Norman Vincent _923841 |
||
| 245 |
_aThe Power of Positive Thinking / _cNorman Vincent Peale. |
||
| 264 |
_aNew York : _bA Touchstone Book, _c2015. |
||
| 300 |
_a218 p.; _b21 cm. |
||
| 653 | _aპოზიტიური აზროვნების ძალა | ||
| 653 | _aფსიქოლოგია | ||
| 942 |
_2udc _cᲬᲘᲒᲜᲘ |
||